[Event "23rd ETCC Open 2021"]
[Site "Catez"]
[Date "2021.11.13"]
[Round "2.12"]
[White "Martinovic, Sasa"]
[Black "Lagarde, Maxime"]
[Result "1/2-1/2"]
[WhiteElo "2542"]
[BlackElo "2647"]
[Annotator "TA"]
[PlyCount "36"]
[EventDate "2021.11.08"]
[EventType "team-tourn"]
[EventCountry "SLO"]
[SourceTitle "playchess.com"]
[Source "ChessBase"]
[SourceQuality "1"]
[WhiteTeam "Croatia"]
[BlackTeam "France"]
[WhiteTeamCountry "CRO"]
[BlackTeamCountry "FRA"]

{[%evp 12,36,34,32,44,44,44,31,37,34,43,30,45,43,62,62,67,25,39,16,24,0,47,0,
17,0,56]} 1. d4 Nf6 2. c4 g6 3. Nc3 Bg7 4. e4 d6 5. h3 O-O 6. Be3 c5 7. Nf3 Qa5
{E90: King's Indian: Classical: Early deviations and 6 h3.} 8. Bd3 cxd4 9. Nxd4
Nc6 {White is slightly better.} 10. O-O Nxd4 11. Bxd4 Be6 12. Rc1 Rfc8 13. b3
a6 14. Qe2 {[#]} Rab8 $146 ({Predecessor:} 14... Nh5 15. Bxg7 Kxg7 16. Qe3 Qc5
17. Qxc5 Rxc5 18. f4 b5 19. f5 bxc4 20. Na4 Re5 21. fxe6 cxd3 22. Nb6 Rf8 23.
Nd7 Ng3 24. Nxe5 dxe5 25. exf7 Nxe4 {1-0 (50) Jacobson,B (2452)-Korley,K (2447)
Charlotte 2019}) 15. Ba7 Ra8 16. Bd4 Rab8 17. Ba7 Ra8 18. Bd4 Rab8 {Weighted
Error Value: White=0.15/Black=0.04} 1/2-1/2

[Event "23rd ETCC Open 2021"]
[Site "Catez"]
[Date "2021.11.13"]
[Round "2.13"]
[White "Nabaty, Tamir"]
[Black "Duda, Jan-Krzysztof"]
[Result "1/2-1/2"]
[WhiteElo "2649"]
[BlackElo "2756"]
[Annotator "TA"]
[PlyCount "49"]
[EventDate "2021.11.08"]
[EventType "team-tourn"]
[EventCountry "SLO"]
[SourceTitle "playchess.com"]
[Source "ChessBase"]
[SourceQuality "1"]
[WhiteTeam "Israel"]
[BlackTeam "Poland"]
[WhiteTeamCountry "ISR"]
[BlackTeamCountry "POL"]

{[%evp 9,49,0,0,0,0,0,-19,-27,0,0,2,7,0,0,0,0,0,0,0,0,0,0,0,0,0,0,0,0,0,0,0,0,
0,0,0,0,0,0,0,0,0,0]} 1. d4 Nf6 2. Nf3 d5 3. Bf4 c5 4. e3 Nc6 5. Nbd2 Qb6 6.
dxc5 {D02: 1 d4 d5 2 Nf3 sidelines, including 2...Nf6 3 g3 and 2...Nf6 3 Bf4.}
Qxb2 7. Rb1 Qc3 8. Bb5 g6 $1 {[%mdl 4] is currently scoring better than 8...e6.
} 9. e4 {The position is equal.} dxe4 {[#]} 10. Be5 $1 Qa5 (10... Qxc5 11. Bxf6
exf6 12. Nxe4 $14) 11. O-O exf3 12. Qxf3 Qxb5 {[#]} 13. Bxf6 $146 ({
Predecessor:} 13. Rxb5 Nxe5 14. Qe2 Nc6 15. Nc4 Bh6 16. Nd6+ Kf8 17. Nxc8 Rxc8
18. Rxb7 Kg7 19. f4 {1-0 (51) Tristan,L (2535)-Bok,B (2619) Chess.com INT 2021}
) 13... Qxf1+ 14. Kxf1 exf6 15. Qxf6 Rg8 16. Ne4 $1 Be7 17. Nd6+ Bxd6 18. cxd6
Rb8 19. Re1+ Be6 20. Rxe6+ fxe6 21. Qxe6+ {[%mdl 64] [#] Double Attack} Kf8 {
And now ...Rg7 would win.} 22. Qf6+ Ke8 23. Qe6+ {[%mdl 64] Double Attack} Kf8
{Strongly threatening ...Rg7.} 24. Qf6+ Ke8 {Threatens to win with ...Kd7.} 25.
Qe6+ {[%mdl 64] Double Attack. Not much happened in this game.  Weighted Error
Value: White=0.01/Black=0.02} 1/2-1/2

[Event "23rd ETCC Open 2021"]
[Site "Catez"]
[Date "2021.11.13"]
[Round "2.14"]
[White "Wojtaszek, Radoslaw"]
[Black "Mikhalevski, Victor"]
[Result "1-0"]
[WhiteElo "2700"]
[BlackElo "2559"]
[Annotator "TA"]
[PlyCount "55"]
[EventDate "2021.11.08"]
[EventType "team-tourn"]
[EventCountry "SLO"]
[SourceTitle "playchess.com"]
[Source "ChessBase"]
[SourceQuality "1"]
[WhiteTeam "Poland"]
[BlackTeam "Israel"]
[WhiteTeamCountry "POL"]
[BlackTeamCountry "ISR"]

{[%evp 9,55,30,43,35,36,25,25,12,26,0,0,0,0,8,7,9,21,-16,-25,-16,-24,-2,-12,
-30,-30,-18,-21,-34,-32,-35,-4,-10,-7,-30,-4,-17,152,137,184,204,149,141,728,
701,2547,2453,1885,1863]} 1. Nf3 Nf6 2. c4 g6 3. Nc3 d5 4. cxd5 Nxd5 5. h4 Nxc3
6. bxc3 {A16: English Opening: 1...Nf6 with ...d5.} c5 7. h5 Bg7 $1 8. Qa4+ {
White has an edge.} Bd7 {[#]} 9. Qf4 $146 {Ng5 is the strong threat.} ({
Predecessor:} 9. Qh4 Bf6 10. Qh2 Qa5 11. hxg6 fxg6 12. Ne5 Be6 13. Qf4 Nd7 14.
Nc4 Bxc4 15. Qxc4 {1-0 (38) Brodowski,P (2435)-Delega,T (2094) Szklarska
Poreba 2013}) 9... Nc6 $1 10. e4 Qb8 11. Qe3 Qd6 $1 12. Ba3 b6 13. h6 Bf6 14.
Bb5 O-O 15. Bxc6 Qxc6 ({Don't play} 15... Bxc6 $6 16. e5 $16) 16. e5 Bh8 17.
O-O $1 Qa4 18. c4 Qxc4 {aiming for ...Bc6.} 19. d4 {[%cal Rd4c5]} cxd4 20. Nxd4
Rfe8 21. Rfd1 Ba4 22. Rd2 e6 $2 {[#]} (22... Rac8 $11) 23. Nf3 $1 $16 {[%mdl
1024] White has strong compensation.} Rac8 {[#]} 24. Rd4 $1 {[%cal Rd4c4]} Qa6
25. Ng5 {Hoping for Qf4!} Red8 $2 {[%mdl 8192]} (25... Bc6 $16) 26. Qf4 $18 {
[%csl Gg5][%cal Rf4f7] White is clearly winning.} Be8 27. Rxd8 Rxd8 28. Qb4 {
[%csl Ga3][%cal Rb4f8] Weighted Error Value: White=0.05/Black=0.22} 1-0

[Event "23rd ETCC Open 2021"]
[Site "Catez"]
[Date "2021.11.13"]
[Round "2.15"]
[White "Smirin, Ilia"]
[Black "Piorun, Kacper"]
[Result "1/2-1/2"]
[WhiteElo "2616"]
[BlackElo "2634"]
[Annotator "TA"]
[PlyCount "61"]
[EventDate "2021.11.08"]
[EventType "team-tourn"]
[EventCountry "SLO"]
[SourceTitle "playchess.com"]
[Source "ChessBase"]
[SourceQuality "1"]
[WhiteTeam "Israel"]
[BlackTeam "Poland"]
[WhiteTeamCountry "ISR"]
[BlackTeamCountry "POL"]

{[%evp 9,61,7,16,14,22,12,17,0,0,0,22,11,18,14,14,18,20,7,11,9,1,0,14,37,20,30,
25,16,12,10,16,27,17,10,27,20,22,0,8,0,0,0,0,0,0,0,26,10,8,0,0,0,0,0]} 1. e4 e5
2. Nf3 Nc6 3. Bb5 Nf6 4. d3 Bc5 5. c3 d5 6. exd5 {C65: Ruy Lopez: Berlin
Defence (3...Nf6), unusual lines and 4 0-0 Bc5.} Qxd5 {[#] Threatens to win
with ...Bxf2+!} 7. Bc4 Qd6 8. b4 Bb6 9. Nbd2 O-O 10. O-O Bf5 11. Qc2 Rad8 {
[%cal Rf5d3]} 12. a4 a5 13. b5 Ne7 {[%cal Rf5d3,Bc6e7,Be7g6,Bg6f4,Bf4d5,Bd5b4]
[%mdl 32]} 14. Qb3 {Threatening Ba3.} Ng6 15. d4 {[#] Strongly threatening Ba3.
} exd4 16. Ba3 Bc5 17. Bxc5 Qxc5 18. cxd4 Qd6 19. Rfe1 Nf4 {[#]} 20. Rac1 $146
({Predecessor:} 20. Ne5 N4d5 21. Ndf3 h6 22. Rac1 Rfe8 23. h3 Be6 24. Nd3 Nd7
25. Qd1 N7b6 26. Bb3 {1/2-1/2 (45) Grandelius,N (2673)-Eljanov,P (2650) Wijk
aan Zee 2020}) 20... h6 21. Ne5 {[%cal Re5f7]} N4d5 ({Don't go for} 21... Qxd4
$2 22. Ndf3 $18) 22. Qf3 Be6 23. Nb3 b6 24. h3 Rde8 25. Nd2 Nb4 26. Ne4 Nxe4
27. Rxe4 ({Wrong is} 27. Qxe4 $2 Bxc4 28. Rxc4 f6 $19) 27... Bxc4 28. Rxc4 Re7
{The position is equal.} 29. Re3 Qd5 {Hoping for ...Rxe5!} 30. Qe2 Rfe8 31. Ng4
{A rather calm draw.  Weighted Error Value: White=0.03/Black=0.02} 1/2-1/2

[Event "23rd ETCC Open 2021"]
[Site "Catez"]
[Date "2021.11.13"]
[Round "2.16"]
[White "Moranda, Wojciech"]
[Black "Boruchovsky, Avital"]
[Result "0-1"]
[WhiteElo "2623"]
[BlackElo "2542"]
[Annotator "TA"]
[PlyCount "70"]
[EventDate "2021.11.08"]
[EventType "team-tourn"]
[EventCountry "SLO"]
[SourceTitle "playchess.com"]
[Source "ChessBase"]
[SourceQuality "1"]
[WhiteTeam "Poland"]
[BlackTeam "Israel"]
[WhiteTeamCountry "POL"]
[BlackTeamCountry "ISR"]

{[%evp 11,70,-7,35,40,37,33,45,41,41,19,22,26,34,24,53,41,38,33,29,35,54,5,14,
-7,-17,-10,0,-3,0,-16,0,0,0,0,0,-2,0,0,0,0,0,-8,-10,-10,-7,-101,-108,-450,-447,
-440,-440,-440,-440,-440,-440,-668,-636,-1015,-985,-1667,-1590]} 1. d4 Nf6 2.
c4 e6 3. Nf3 d5 4. Nc3 c5 5. Bg5 cxd4 6. Nxd4 Be7 (6... e5 {is more complex.}
7. Bxf6 gxf6 8. Nb3 d4 9. Nd5 Bf5) 7. cxd5 {D50: Queen's Gambit Declined:
Dutch-Peruvian Gambit.} Nxd5 8. Bxe7 Qxe7 9. Nxd5 {White is slightly better.}
exd5 10. Rc1 O-O 11. e3 Nc6 12. Be2 {[#]} Qf6 $146 ({Predecessor:} 12... Qb4+
13. Qd2 Qxd2+ 14. Kxd2 Nxd4 15. exd4 Bd7 16. Bf3 Be6 17. Rhe1 Rac8 18. b4 Rc4
19. Rxc4 dxc4 {1-0 (42) Kirch,D-Kirsch,S Oberhaching 2003}) 13. Nxc6 bxc6 14.
b3 a5 15. O-O Bd7 16. Qd2 a4 17. Rc3 axb3 18. axb3 Ra3 19. Rfc1 Rfa8 20. Bf1 h5
21. e4 Ra2 22. R3c2 Rxc2 23. Qxc2 d4 24. Rd1 Be6 25. f3 Qg5 26. Rxd4 Qe3+ 27.
Qf2 Qxb3 28. Rd3 (28. Rd6 $11 {keeps the balance.}) 28... Qb1 $17 {[#]
Threatens to win with ...Bc4.} 29. Rc3 {[%mdl 8192] This move loses the game
for White.} (29. Qc5 $17) 29... Ra2 $19 {Black is clearly winning.} 30. Qe3 Ra1
{[%csl Ga1][%cal Rb1f1]} 31. Qe2 Qb6+ 32. Qf2 Qb5 33. Re3 (33. e5 $142) 33...
Qa5 34. Qc2 {Now Qc3 and White clings on.} Qa7 35. Qc3 {[#]} Bc4 $1 {[%csl Gc4]
[%cal Ra1f1][%mdl 576] Pin.  Weighted Error Value: White=0.63/Black=0.05} 0-1

[Event "23rd ETCC Open 2021"]
[Site "Catez"]
[Date "2021.11.13"]
[Round "2.17"]
[White "Korobov, Anton"]
[Black "Deac, Bogdan-Daniel"]
[Result "1/2-1/2"]
[WhiteElo "2684"]
[BlackElo "2651"]
[Annotator "TA"]
[PlyCount "81"]
[EventDate "2021.11.08"]
[EventType "team-tourn"]
[EventCountry "SLO"]
[SourceTitle "playchess.com"]
[Source "ChessBase"]
[SourceQuality "1"]
[WhiteTeam "Ukraine"]
[BlackTeam "Romania"]
[WhiteTeamCountry "UKR"]
[BlackTeamCountry "ROU"]

{[%evp 10,81,0,0,4,0,0,0,0,0,0,0,9,5,7,7,8,5,11,13,33,29,43,27,20,0,0,0,0,0,0,
0,0,-16,-8,-40,-43,-37,-22,-27,-27,-24,-22,-29,0,-20,-42,-27,-12,-43,-10,-29,
-27,-44,-29,-31,-20,-20,-20,-35,0,0,0,0,3,0,0,0,8,0,0,0,0,0]} 1. c4 Nf6 2. Nc3
e5 3. Nf3 Nc6 4. d3 d5 5. cxd5 Nxd5 6. e4 Nf6 {A28: English Opening: Four
Knights Variation.} 7. h3 Bc5 8. Be3 $1 {[%mdl 4] is more profitable than 8.
Be2 at the moment.} Bb6 9. Be2 O-O 10. O-O Qe7 11. Na4 Rd8 12. Nxb6 axb6 13.
Qc1 {[#]} Ne8 $146 ({Predecessor:} 13... Nd7 14. Qc3 Nc5 15. Rfc1 Ne6 16. Bf1
Qd6 17. a3 Bd7 18. b4 Ncd4 19. Nd2 Bb5 {1/2-1/2 (57) Vitiugov,N (2747)
-Grigoriants,S (2542) Moscow 2019}) 14. Qc3 b5 15. a3 Nd6 16. Rac1 f6 17. Nd2
Be6 18. Qc5 Ra5 19. Qc2 Raa8 20. Nb3 Bf7 21. Rfd1 b4 22. d4 bxa3 23. bxa3 Rxa3
24. dxe5 $1 fxe5 25. Nd2 Ra2 26. Qb1 Raa8 27. Rc5 h6 28. Rdc1 $1 Ra5 29. Nf3
Rda8 30. Rxa5 Rxa5 31. Bc5 Qd7 32. Bxd6 cxd6 33. Qb6 $1 Ra8 34. Rb1 Bg6 35.
Bc4+ {The position is equal.} Kh7 36. Bd5 Qd8 37. Qxd8 (37. Qxb7 $2 {[#]} Rb8
$1 $19) 37... Nxd8 38. Nh4 Ra5 39. Nxg6 Kxg6 40. Bxb7 Nxb7 41. Rxb7 {Weighted
Error Value: White=0.05/Black=0.06} 1/2-1/2

[Event "23rd ETCC Open 2021"]
[Site "Catez"]
[Date "2021.11.13"]
[Round "2.18"]
[White "Lupulescu, Constantin"]
[Black "Kuzubov, Yuriy"]
[Result "1/2-1/2"]
[WhiteElo "2624"]
[BlackElo "2637"]
[Annotator "TA"]
[PlyCount "60"]
[EventDate "2021.11.08"]
[EventType "team-tourn"]
[EventCountry "SLO"]
[SourceTitle "playchess.com"]
[Source "ChessBase"]
[SourceQuality "1"]
[WhiteTeam "Romania"]
[BlackTeam "Ukraine"]
[WhiteTeamCountry "ROU"]
[BlackTeamCountry "UKR"]

{[%evp 9,60,10,19,19,22,0,23,29,31,6,6,-6,-7,-8,-7,-1,-2,-6,0,0,0,0,0,-1,0,0,0,
0,0,0,0,0,0,-4,0,0,0,0,0,0,0,0,0,0,0,0,0,0,0,0,0,0,0]} 1. e4 e5 2. Nf3 Nf6 3.
d4 Nxe4 4. dxe5 d5 5. Nbd2 Qd7 (5... Nxd2 {seems wilder.} 6. Bxd2 c5 7. Bd3 Nc6
8. c3 Be7) 6. Nxe4 {C43: Petroff Defence: 3 d4.} dxe4 {[#]} 7. Nd4 $146 ({
Predecessor:} 7. Qxd7+ Nxd7 8. Nd2 Nxe5 9. Nxe4 Bf5 10. f3 Bxe4 11. fxe4 O-O-O
12. Bd2 Bc5 13. h3 {0-1 (50) Kruglyakov,P (2363)-Gordievsky,D (2559) chess.com
INT 2020}) 7... Nc6 8. Bb5 $1 {White has an edge.} Bc5 9. Be3 {aiming for e6!}
(9. Nxc6 {keeps more tension.} bxc6 10. Qxd7+ Bxd7 11. Ba4 Bd4 12. e6) 9...
Bxd4 {[#]The position is equal.} 10. Qxd4 Nxd4 11. Bxd7+ Bxd7 12. Bxd4 O-O-O
13. O-O-O Rhe8 14. Bc3 Bc6 15. Rxd8+ Rxd8 16. Rd1 Rxd1+ (16... g6 {feels
hotter.} 17. b3 b6 18. Rxd8+ Kxd8 19. e6 fxe6 20. Be5 b5) 17. Kxd1 $11 {
[%mdl 4096] Endgame KB-KB} g6 18. Ke2 Kd7 19. Ke3 h5 20. h4 Ke6 21. g3 Bd5 22.
b3 b6 23. Bb2 Bb7 24. c4 c5 25. Kf4 Bc6 26. Bc3 Bb7 27. Ba1 Bc6 28. Bb2 Bb7 29.
Bc3 Bc6 30. Bb2 Bb7 {A rather calm draw.  Weighted Error Value: White=0.02/
Black=0.02} 1/2-1/2

[Event "23rd ETCC Open 2021"]
[Site "Catez"]
[Date "2021.11.13"]
[Round "2.19"]
[White "Shevchenko, Kirill"]
[Black "Parligras, Mircea-Emilian"]
[Result "1/2-1/2"]
[WhiteElo "2647"]
[BlackElo "2576"]
[Annotator "TA"]
[PlyCount "86"]
[EventDate "2021.11.08"]
[EventType "team-tourn"]
[EventCountry "SLO"]
[SourceTitle "playchess.com"]
[Source "ChessBase"]
[SourceQuality "1"]
[WhiteTeam "Ukraine"]
[BlackTeam "Romania"]
[WhiteTeamCountry "UKR"]
[BlackTeamCountry "ROU"]

{[%evp 16,86,9,10,18,12,13,21,21,10,8,4,13,0,0,0,35,0,0,0,0,0,0,0,0,0,0,0,0,0,
0,0,17,14,5,26,40,38,27,30,37,20,24,16,15,0,0,0,16,9,46,21,50,35,325,320,394,
347,720,720,713,702,664,641,606,598,725,0,0,0,0,0,0]} 1. e4 e5 2. Nf3 Nc6 3.
Bb5 Nf6 4. O-O Nxe4 5. Re1 Nd6 6. Nxe5 Nxe5 7. Rxe5+ Be7 8. Bf1 O-O 9. d4 Ne8 {
C67: Ruy Lopez: Berlin Defence: 4 0-0 Nxe4.} 10. d5 Bc5 11. Re1 d6 12. Nc3 Bf5
13. Bd3 Qf6 14. Ne4 Bxe4 15. Rxe4 Qxf2+ 16. Kh1 {Strongly threatening Rf4.} Qf6
{[#]} 17. c3 $146 ({Predecessor:} 17. Rf4 Qe5 18. Bd2 g6 19. Qf3 Ng7 20. Bc3
Qe3 21. Qg4 f5 22. Qh4 Nh5 23. Rf3 Qh6 24. Re1 Rae8 25. Rxe8 {1/2-1/2 (25)
Blake,M (2325)-Gnilka,T (2357) ICCF email 2018}) 17... g6 18. a4 {aiming for
Bh6.} a6 19. Bh6 Ng7 20. Qe2 {And now Rf1 would win.} Qd8 $1 21. Rf1 {Black
must now prevent Re7.} Re8 22. Qf3 Qd7 23. Rh4 {Intending Qf6 and mate.} Re5
24. b4 Ba7 (24... Nf5 $6 25. bxc5 Qe7 26. Rh3 $16 (26. Bxf5 Qxh4 27. Bc8 {
[%mdl 64] Discovered Attack} Qxh6 $11)) 25. Bf4 $1 ({Much weaker is} 25. Bxg7
Kxg7 26. Qf6+ Kg8 $17) 25... Rh5 26. Rxh5 Nxh5 27. Bh6 Qe7 28. g4 {[%mdl 1024]
White has compensation.} Ng7 {[#]} 29. Bg5 $1 Qd7 ({Stronger than} 29... Qxg5
30. Qxf7+ Kh8 31. Qf8+ $3 {[%mdl 512]} Rxf8 32. Rxf8#) 30. Bh6 Qe7 31. Bg5 Qd7
({Weaker is} 31... Qxg5 32. Qxf7+ Kh8 33. Qf8+ $3 {[%mdl 512]} Rxf8 34. Rxf8#)
32. Qf6 Ne8 33. Qf4 Ng7 34. Bf6 $36 {[%mdl 2048] White has some pressure.} Ne8
$2 {[%mdl 8192] [#]} (34... c6 $14) 35. Bf5 $1 $18 {[%cal Rf5d7][%mdl 512]}
Qxa4 (35... gxf5 36. Qg5+) 36. Be7 {White wants to mate with Be6!} gxf5 (36...
Be3 37. Qxe3 Ng7) 37. Qxf5 f6 38. Qe6+ Kh8 {[#]} 39. Qf7 $1 {[%cal Rf7f8]} h6 {
[#]} 40. g5 $1 {[%cal Rg5g6]} Qc2 {( -> ...Qe4+)} 41. Rxf6 $2 (41. Bxf6+ $18
Nxf6 42. Qxf6+ {[%mdl 64] Double Attack} Kh7 43. Qf7+ Kh8 44. g6 Qe4+ 45. Rf3
Qb1+ 46. Kg2 Qxg6+ 47. Qxg6) 41... Qe4+ $11 {The position is equal.} 42. Rf3 {
Hoping for Bf6+.} hxg5 {Threatens to win with ...Ng7.} 43. Qh5+ {[%mdl 64]
Double Attack} Kg8 {Weighted Error Value: White=0.14/Black=0.22} 1/2-1/2

[Event "23rd ETCC Open 2021"]
[Site "Catez"]
[Date "2021.11.13"]
[Round "2.20"]
[White "Jianu, Vlad-Cristian"]
[Black "Onyshchuk, Volodymyr"]
[Result "1/2-1/2"]
[WhiteElo "2522"]
[BlackElo "2622"]
[Annotator "TA"]
[PlyCount "67"]
[EventDate "2021.11.08"]
[EventType "team-tourn"]
[EventCountry "SLO"]
[SourceTitle "playchess.com"]
[Source "ChessBase"]
[SourceQuality "1"]
[WhiteTeam "Romania"]
[BlackTeam "Ukraine"]
[WhiteTeamCountry "ROU"]
[BlackTeamCountry "UKR"]

{[%evp 19,67,36,50,28,20,40,54,53,56,56,53,41,50,18,34,19,17,12,10,4,29,20,34,
18,34,10,10,10,10,10,10,10,17,10,6,18,19,0,7,0,0,0,0,0,0,0,0,0,0,0]} 1. d4 Nf6
2. Nf3 g6 3. g3 Bg7 4. Bg2 O-O 5. O-O d6 6. c4 Nc6 7. Nc3 e5 8. dxe5 dxe5 9.
Bg5 h6 10. Qxd8 Rxd8 11. Bxf6 {E62: King's Indian: Fianchetto: 6...c6 and
Panno Variation (6...Nc6) without ...a6.} Bxf6 12. Nd5 Kg7 13. Nxc7 {White is
slightly better.} Rb8 14. e4 {[#]} Be6 $146 ({Predecessor:} 14... Be7 15. Rfd1
Be6 16. Nxe6+ fxe6 17. Ne1 g5 18. Bh3 Kf6 19. Bg4 Bc5 20. Rxd8 Rxd8 {1/2-1/2 
(32) Harikrishna,P (2719)-Lagarde,M (2640) Legnica 2021}) 15. Rac1 Be7 16. a3
a5 17. Nd5 Bc5 18. b4 (18. Rb1 {looks sharper.} a4 19. Rfd1 Rbc8 20. h3 f6 21.
Bf1) 18... axb4 19. axb4 Bxb4 (19... Nxb4 {feels hotter.} 20. Nxe5 Ra8 21. Rcd1
Bd6 22. Nf3 Nc6) 20. Nxb4 Nxb4 21. Nxe5 f6 {[#]} 22. Rb1 $1 {next Nxg6 is good
for White.} Na6 {[#]The position is equal.} 23. Rb6 $1 Nc5 24. Nf3 Bxc4 25. Rc1
Na4 $1 {[%cal Ra4b6]} 26. Rb4 b5 27. Bf1 Nb6 28. Rcb1 g5 29. Bxc4 Nxc4 30. Rxb5
Rxb5 31. Rxb5 Re8 32. e5 Nxe5 33. Nxe5 Rxe5 34. Rb7+ {Weighted Error Value:
White=0.06/Black=0.02} 1/2-1/2

[Event "23rd ETCC Open 2021"]
[Site "Catez"]
[Date "2021.11.13"]
[Round "2.21"]
[White "Yilmaz, Mustafa"]
[Black "Shirov, Alexei"]
[Result "1/2-1/2"]
[WhiteElo "2626"]
[BlackElo "2673"]
[Annotator "TA"]
[PlyCount "60"]
[EventDate "2021.11.08"]
[EventType "team-tourn"]
[EventCountry "SLO"]
[SourceTitle "playchess.com"]
[Source "ChessBase"]
[SourceQuality "1"]
[WhiteTeam "Turkey"]
[BlackTeam "Spain"]
[WhiteTeamCountry "TUR"]
[BlackTeamCountry "ESP"]

{[%evp 9,60,30,31,22,18,20,28,6,11,11,31,26,71,53,55,36,36,43,46,20,33,0,0,0,0,
0,23,0,0,0,0,0,0,0,0,0,0,0,0,0,0,0,0,0,0,0,0,-1,0,0,0,0,0]} 1. d4 d5 2. c4 c6
3. cxd5 cxd5 4. Bf4 Nc6 5. e3 Nf6 6. Bd3 {D10: Slav Defence: 3 cxd5 (without
early Nf3) and 3 Nc3.} (6. Nc3 a6 7. Be2 b5 8. a4 b4 9. Na2 e6 10. Nf3 Be7 11.
Nc1 Na5 12. Nd3 O-O 13. Rc1 Ra7 14. O-O Bd7 15. Nc5 Bxc5 16. Rxc5 Ne4 {1-0 (32)
Yilmaz,M (2630)-Shirov,A (2662) Chess.com INT 2021}) 6... Bg4 7. f3 Bh5 8. Qb3
{White has an edge.} Qd7 9. Nc3 Bg6 10. Bb5 {[#]} a6 $146 ({Predecessor:} 10...
e6 11. Rc1 Be7 12. Na4 Nh5 13. Ne2 O-O 14. Nc5 Bxc5 15. Rxc5 Nxf4 16. Nxf4 Rfc8
{1/2-1/2 (31) Sorokin,A (2521)-Akopian,V (2638) Las Vegas 2021}) 11. Bxc6 Qxc6
12. Nge2 Bd3 13. Rc1 Bc4 14. Qd1 e6 15. Ng3 Qb6 16. b3 Bb5 17. Nxb5 Qxb5 (17...
axb5 {with more complications.} 18. O-O Ba3 19. Rc2 O-O 20. Be5 Be7) 18. Qe2
Ba3 {The position is equal.} 19. Qxb5+ axb5 20. Rc7 Bb4+ {[%mdl 64] [#]
Discovered Attack} 21. Kf2 Rxa2+ 22. Ne2 {Hoping for Rc8+.} O-O 23. Rxb7 Rb2
24. Rxb5 Rxb3 {Threatens to win with ...Be1+!} 25. Bd6 $36 {[%mdl 2048] White
has the initiative.} Be1+ {[%mdl 64] [#] Discovered Attack} 26. Rxe1 Rxb5 27.
Bxf8 Kxf8 28. Nf4 Rb2+ 29. Re2 Rxe2+ 30. Kxe2 Ke7 {Weighted Error Value:
White=0.05/Black=0.04} 1/2-1/2

[Event "23rd ETCC Open 2021"]
[Site "Catez"]
[Date "2021.11.13"]
[Round "2.22"]
[White "Anton Guijarro, David"]
[Black "Dastan, Muhammed Batuhan"]
[Result "1-0"]
[WhiteElo "2669"]
[BlackElo "2572"]
[Annotator "TA"]
[PlyCount "127"]
[EventDate "2021.11.08"]
[EventType "team-tourn"]
[EventCountry "SLO"]
[SourceTitle "playchess.com"]
[Source "ChessBase"]
[SourceQuality "1"]
[WhiteTeam "Spain"]
[BlackTeam "Turkey"]
[WhiteTeamCountry "ESP"]
[BlackTeamCountry "TUR"]

{[%evp 11,127,1,18,17,12,9,8,16,9,12,32,31,37,22,27,31,27,18,52,46,37,38,62,39,
44,47,37,36,37,0,22,0,27,27,29,29,48,33,35,11,95,91,124,127,144,117,112,118,
157,134,117,117,182,178,262,229,267,215,311,311,302,306,391,358,375,369,372,0,
357,357,390,386,414,427,431,431,431,431,805,778,726,716,529,830,1315,1266,1239,
1165,972,505,907,931,741,794,4810,3575,2172,1410,1399,1410,1379,1367,951,520,
1400,1327,1319,1301,29965,29967,29969,29970,29967,29968,29969,29970,12797,4610]
} 1. e4 c5 2. Nf3 d6 3. d4 cxd4 4. Qxd4 Nc6 5. Bb5 Bd7 6. Qd3 Nf6 7. c4 {
B53: Sicilian: 2...d6: Lines with Qxd4.} g6 8. Nc3 Bg7 9. O-O {The position is
equal.} O-O 10. h3 Rc8 11. Be3 a6 12. Bxc6 Bxc6 13. Nd4 Nd7 14. Rac1 Ne5 15.
Qe2 Bd7 16. b3 Nc6 17. Qd2 Nxd4 18. Bxd4 Bxd4 19. Qxd4 Bc6 {[#]} 20. f4 $146 ({
Predecessor:} 20. Nd5 Bxd5 21. exd5 Qa5 22. Rfe1 Rfe8 23. Re2 Qd8 24. h4 h5 25.
g4 Qd7 26. gxh5 gxh5 27. Rc3 Kh7 28. Rg3 {1-0 (28) Stevic,H (2610)-Gabelica,D 
(2015) Zagreb 2016}) 20... Qa5 21. f5 (21. a4 {is interesting.} Rfe8 22. Nd5 b5
23. axb5 Bxd5 24. exd5 axb5 25. f5) 21... Qc5 (21... Qe5 {is more complex.} 22.
Qd2 b5 23. Nd5 bxc4 24. bxc4 Ba8) 22. Qxc5 dxc5 23. Nd5 Rfe8 24. g4 f6 25. Rce1
Bxd5 (25... Kf7 $11 {keeps the balance.}) 26. exd5 $11 {[%mdl 4096] Endgame
KRR-KRR} ({Don't play} 26. cxd5 gxf5 27. gxf5 (27. exf5 Kf7 $11) (27. Rxf5 e6
$11) 27... Kf7 $11) 26... Rcd8 {[#]} 27. Re6 $1 Kg7 28. Rb6 Rd7 29. Kg2 Rf8 30.
h4 gxf5 31. Rxf5 h6 (31... Rb8 $16) 32. Kg3 Kg6 (32... Ra8 $142 33. Rf2 Rh8)
33. Rf2 Kf7 34. Kf4 Kg6 (34... Ke8 $142 35. Re2 Kd8) 35. Rg2 Rg8 36. a4 {
[%cal Ba2a4,Ba4a5][%mdl 32]} Rg7 37. a5 Rg8 38. Rg3 Rg7 39. Rg2 Rg8 40. Re2 Rh8
41. Rbe6 Rh7 42. R2e3 Rg7 43. g5 hxg5+ 44. hxg5 Kf7 (44... Rh7 $142 45. Rg3
Rh4+ 46. Ke3 Kf7) 45. gxf6 $18 exf6 46. d6 Rg1 47. Re7+ Rxe7 48. Rxe7+ {KR-KR}
({Worse is} 48. dxe7 Rg8 $11) 48... Kg6 49. Rxb7 Rd1 50. Rb6 Rd4+ (50... Kf7
$142 51. Rxa6 Ke6) 51. Kf3 Kf5 52. Rxa6 Rd3+ 53. Ke2 Ke4 54. d7 Rxd7 55. Rxf6
Kd4 56. a6 Rh7 57. Rb6 Ke4 (57... Rf7 $142 58. Rb7 Rf8) 58. Kd2 Rh2+ 59. Kc3
Rh3+ 60. Kb2 Rh2+ 61. Ka3 Kd4 62. Rg6 Rh1 63. Ka4 Rb1 64. Rg3 {Weighted Error
Value: White=0.36/Black=0.23} 1-0